000 00552nam a22001577a 4500
003 OSt
005 20150916171832.0
008 150916b xxu||||| |||| 00| 0 eng d
040 _cRUA
082 _aAGR CHR 1999 BOO25 Or.1
100 _9624
_aCHRUN, THUN
245 _aRUBBER EXPLOITATION IN PEAM CHEAG RUBBERN PLANTATION,(ការធ្វើអាជីវកមមលើដំណាំកៅស៊ូ នៅចំការកៅស៊ូ ពាមជាំអ).
260 _aPHNOM PHEN
_bRUA
_c1999
300 _a79P.
_bILL.
_c29CM.
942 _2ddc
_cAGR
999 _c597
_d597